Statistics for First 15 Countries to have McDonald's

Click here to take the quiz!

General Stats

  • This quiz has been taken 342 times
  • The average score is 9 of 15

Answer Stats

HintAnswer% Correct
May 15, 1940United States
100%
June 1, 1967Canada
97%
June 30, 1972France
93%
October 7, 1974United Kingdom
93%
November 22, 1971Germany
91%
July 20, 1971Japan
87%
1971Australia
80%
October 27, 1973Sweden
64%
August 21, 1971Netherlands
62%
September 1, 1971Panama
30%
August 4, 1975Bahamas
29%
December 28, 1970Costa Rica
26%
January 8, 1975Hong Kong
24%
June 6, 1974Guatemala
22%
July 20, 1972El Salvador
20%

Score Distribution

Percentile by Number Answered

Percent of People with Each Score

Your Score History

You have not taken this quiz